The pity (Record no. 200421269)
[ view plain ]
| 000 -LEADER | |
|---|---|
| fixed length control field | 00964 a2200325 4500 |
| 001 - CONTROL NUMBER | |
| control field | 200421269 |
| 003 - CONTROL NUMBER IDENTIFIER | |
| control field | TR-AnTOB |
| 005 - DATE AND TIME OF LATEST TRANSACTION | |
| control field | 20241010090604.0 |
| 008 - FIXED-LENGTH DATA ELEMENTS--GENERAL INFORMATION | |
| fixed length control field | 160803s tu 000 0 |
| 040 ## - CATALOGING SOURCE | |
| Original cataloging agency | TR-AnTOB |
| Transcribing agency | TR-AnTOB |
| 041 ## - LANGUAGE CODE | |
| Language code of text/sound track or separate title | İngilizce |
| 050 00 - LIBRARY OF CONGRESS CALL NUMBER | |
| Classification number | PR1195.W65 |
| 090 ## - LOCALLY ASSIGNED LC-TYPE CALL NUMBER (OCLC); LOCAL CALL NUMBER (RLIN) | |
| Classification number (OCLC) (R) ; Classification number, CALL (RLIN) (NR) | PR1195.W65 |
| Local cutter number (OCLC) ; Book number/undivided call number, CALL (RLIN) | P58 2014 |
| 245 14 - TITLE STATEMENT | |
| Title | The pity |
| Remainder of title | new poems / |
| Statement of responsibility, etc. | by Steve Ely, Zaffar Kunial, Denise Riley, Warsan Shire, John Glenday. |
| 264 ## - PRODUCTION, PUBLICATION, DISTRIBUTION, MANUFACTURE, AND COPYRIGHT NOTICE | |
| Place of production, publication, distribution, manufacture | London : |
| Name of producer, publisher, distributor, manufacturer | Poetry Society, |
| Date of production, publication, distribution, manufacture, or copyright notice | 2014 |
| 300 ## - PHYSICAL DESCRIPTION | |
| Extent | 69 p. : |
| Dimensions | 17 cm. |
| 336 ## - CONTENT TYPE | |
| Content type term | text |
| Source | rdacontent |
| Content type code | txt |
| 337 ## - MEDIA TYPE | |
| Media type term | unmediated |
| Source | rdamedia |
| Media type code | n |
| 338 ## - CARRIER TYPE | |
| Carrier type term | volume |
| Source | rdacarrier |
| Carrier type code | nc |
| 650 00 - SUBJECT ADDED ENTRY--TOPICAL TERM | |
| Topical term or geographic name entry element | World War, 1914-1918 |
| Form subdivision | Poetry |
| 9 (RLIN) | 104040 |
| Topical term or geographic name entry element | War poetry |
| 9 (RLIN) | 104039 |
| 700 1# - ADDED ENTRY--PERSONAL NAME | |
| Personal name | Glenday, John |
| 9 (RLIN) | 104031 |
| Personal name | Shire, Warsan |
| 9 (RLIN) | 104032 |
| Personal name | Riley, Denise, |
| Dates associated with a name | 1948- |
| 9 (RLIN) | 104033 |
| Personal name | Kunial, Zaffar |
| 9 (RLIN) | 104034 |
| Personal name | Ely, Steve |
| 9 (RLIN) | 104035 |
| 710 1# - ADDED ENTRY--CORPORATE NAME | |
| Corporate name or jurisdiction name as entry element | Poetry Society |
| 9 (RLIN) | 104036 |
| 942 ## - ADDED ENTRY ELEMENTS (KOHA) | |
| Koha item type | Book |
| Source of classification or shelving scheme | Library of Congress Classification |
| Withdrawn status | Lost status | Source of classification or shelving scheme | Not for loan | Collection code | Home library | Current library | Shelving location | Date acquired | Source of acquisition | Cost, normal purchase price | Serial Enumeration / chronology | Inventory number | Total Checkouts | Total Holds | Full call number | Barcode | Copy number | Cost, replacement price | Date shelved | Koha item type |
|---|---|---|---|---|---|---|---|---|---|---|---|---|---|---|---|---|---|---|---|---|
| Library of Congress Classification | Ödünç Verilebilir / Available | Genel Koleksiyon | Merkez Kütüphane | Merkez Kütüphane | Genel Koleksiyon / Main Collection | 05/02/2015 | Bağış / Donation | 0.01 | 1 | İDE | PR1195.W65 P58 2014 | 0046719 | 1 | 0.01 | Book |
